00574nam a2200193Ia 450000500170000000800410001702000150005808200130007310000240008624500590011026000360016930000190020565000080022465000100023265000180024294200060026095200990026699900150036520240614015523.0240331s9999 xx 000 0 und d a8186706429 bCHEa305 aChenoy, m. Anuradha 0aMilitarism and women in South AsiacAnuradha M. Chenoy aNew DelhibKali for Womenc2002 aviii, 184 p ., aLaw aWomen aCivil Society cL 001040708LaWERCLbWERCLcSSCd2024-03-31l0o 305.553 CHEp4577r2024-03-31w2024-03-31yL c1976d1976